| 000 | 00366nam a2200133 a 4500 | ||
|---|---|---|---|
| 001 | 5441 | ||
| 003 | CDMR | ||
| 005 | 20130116135308.0 | ||
| 008 | 130130s1972||||||||||||||||||||||||||||d | ||
| 040 |
_aCDMR _bcat _cCDMR |
||
| 245 | 0 |
_aPremio Nacional de Periodismo Juan Mañé y Flaquer _b3ª Edición |
|
| 260 |
_aTarragona _c1972 _bAyuntamiento de Torredembarra |
||
| 942 | _cMON | ||
| 999 |
_c5441 _d5441 |
||